| 000 | 00528cam a2200205 a 4500 | ||
|---|---|---|---|
| 020 | _a0071007385 | ||
| 020 | _a9780071007382 | ||
| 020 | _a0075571080 | ||
| 020 | _a9780075571087 | ||
| 040 | _cDLC | ||
| 082 | 0 | 0 | _a574 INT MCG 1990 A081 Or. |
| 100 | 1 | _aHopson, Janet L | |
| 245 | 1 | 0 | _aEssentials of biology / |
| 250 | _aInternational ed | ||
| 260 |
_aNew York : _bMcGraw-Hill, _cc1990 |
||
| 300 |
_axxxii, 865, [76] p. : _bill. (some col.) ; _c28 cm |
||
| 650 | 0 | _aBiology | |
| 700 | 1 | _aWessells, Norman K | |
| 942 | _cEK | ||
| 999 |
_c15784 _d15784 |
||